01301nam a2200325Ia 4500001001200000003000800012006001900020007001500039008004100054020001800095020001800113040002100131035002100152050002400173100001900197245010000216260008400316300001600400490004100416504006600457533015200523650001600675650003400691650001900725655002900744710001700773830004200790856012600832999001700958ebr10274045CaPaEBRm u cr cn|||||||||090403s2009 enk sb 001 0 eng d z9780335221387 z9780335221394 aCaPaEBRcCaPaEBR a(OCoLC)37119740114aPN4775b.C68 2009eb1 aCottle, Simon.10aGlobal crisis reportingh[electronic resource] :bjournalism in the global age /cSimon Cottle. aMaidenhead, England :bOpen University Press ;aNew York :bMcGraw-Hill,c2009. axiv, 199 p.1 aIssues in cultural and media studies aIncludes bibliographical references (p. [178]-191) and index. aElectronic reproduction.bPalo Alto, Calif. :cebrary,d2011.nAvailable via World Wide Web.nAccess may be limited to ebrary affiliated libraries. 0aJournalism. 0aCommunication, International. 0aNews agencies. 7aElectronic books.2local2 aebrary, Inc. 0aIssues in cultural and media studies.40uhttp://site.ebrary.com/lib/rucke/Doc?id=10274045zAn electronic book accessible through the World Wide Web; click to view c21286d21286